[Event "49th RUS-ch (w)"]
[Site "Moscow RUS"]
[Date "1999.05.27"]
[Round "11"]
[White "Ershova, Svetlana"]
[Black "Mirzoeva, Elmira"]
[Result "1-0"]
[WhiteElo "2263"]
[BlackElo "2161"]
[EventDate "1999.05.15"]
[PlyCount "97"]

1.d4 Nf6 2.c4 d6 3.Nf3 g6 4.Nc3 Bg7 5.e4 O-O 6.Be2 Nc6 7.d5 Nb8 8.O-O Na6 
9.h3 Nc5 10.Qc2 a5 11.Be3 c6 12.Nd4 Bd7 13.Rfe1 Qc7 14.Rad1 Rad8 15.b3 
Rfe8 16.a3 e5 17.dxe6 Nxe6 18.Bf3 Bc8 19.Na4 Nc5 20.Nxc5 dxc5 21.Ne2 Nd7 
22.Ng3 b6 23.Be2 Be5 24.Nf1 Nf8 25.Qc1 Ne6 26.Rxd8 Rxd8 27.Kh1 Bd4 28.Nh2 
Bxe3 29.Qxe3 Qf4 30.Ng4 Qxe3 31.fxe3 Ng5 32.Nf6+ Kg7 33.e5 Bf5 34.h4 Ne4 
35.g4 Ng3+ 36.Kg2 Nxe2 37.gxf5 Nc3 38.Rc1 Rd3 39.Kf3 a4 40.bxa4 Nxa4 41.
Ne4 gxf5 42.Rg1+ Kh8 43.Nd6 h6 44.Nxf7+ Kh7 45.e6 f4 46.Kxf4 Nc3 47.e7 
Ne2+ 48.Ke4 Nxg1 49.Kxd3 1-0

[Event "49th RUS-ch (w)"]
[Site "Moscow RUS"]
[Date "1999.05.27"]
[Round "11"]
[White "Galianina, Yulia"]
[Black "Fatalibekova, Elena"]
[Result "1/2-1/2"]
[WhiteElo "2300"]
[BlackElo "2271"]
[EventDate "1999.05.15"]
[PlyCount "109"]

1.d4 d5 2.c4 e6 3.Nc3 Be7 4.Nf3 Nf6 5.cxd5 exd5 6.Bg5 c6 7.Qc2 Nbd7 8.e3 
Nh5 9.Bxe7 Qxe7 10.O-O-O Nb6 11.Bd3 Be6 12.Rhe1 O-O-O 13.Kb1 g6 14.Na4 
Nxa4 15.Qxa4 Kb8 16.Rc1 Ng7 17.Ka1 Bd7 18.Rc3 c5 19.Qa3 Ne6 20.dxc5 Rc8 
21.Rec1 Qf6 22.Qb4 Bc6 23.Ra3 d4 24.Qa5 a6 25.Bxa6 Bxf3 26.Bxb7 Bxb7 27.
Qa7+ Kc7 28.c6 Kd8 29.Qxb7 Qe7 30.Ra8 Qc7 31.exd4 Ke7 32.Ra7 Qxb7 33.Rxb7+
Nc7 34.b4 Kd6 35.b5 Rhd8 36.Kb2 Rb8 37.b6 Ne6 38.Rxb8 Rxb8 39.b7 Nxd4 40.
Rd1 Kxc6 41.Rxd4 Rxb7+ 42.Kc3 f5 43.h4 Re7 44.g3 Re2 45.Rd2 Re4 46.Kb3 f4 
47.Rc2+ Kb5 48.a3 h5 49.Rc3 fxg3 50.fxg3 Rg4 51.Re3 Kc6 52.Kc3 g5 53.hxg5 
Rxg5 54.Kb4 Kb6 55.Re6+ 1/2-1/2

[Event "49th RUS-ch (w)"]
[Site "Moscow RUS"]
[Date "1999.05.27"]
[Round "11"]
[White "Kosintseva, Nadezhda"]
[Black "Verevochkina, Elena"]
[Result "1-0"]
[WhiteElo "2209"]
[BlackElo "2150"]
[EventDate "1999.05.15"]
[PlyCount "125"]

1.e4 c5 2.Nf3 e6 3.c3 Ne7 4.d4 cxd4 5.cxd4 d5 6.e5 Nf5 7.Nc3 Nc6 8.Be2 Qb6
9.Bb5 Bb4 10.Qd3 Bd7 11.O-O Nfxd4 12.Nxd4 Qxd4 13.Qg3 Bf8 14.Bf4 Qb6 15.a4
a6 16.a5 Qc5 17.Ba4 Rd8 18.Bg5 Rc8 19.Rfc1 Nd4 20.Bxd7+ Kxd7 21.Qh4 Qa7 
22.Be3 Bc5 23.b4 Nf5 24.bxc5 Nxh4 25.c6+ Rxc6 26.Bxa7 Ng6 27.Bd4 Rc4 28.
Ne2 Rhc8 29.g3 f6 30.exf6 e5 31.Rxc4 dxc4 32.Bc3 gxf6 33.Rb1 Rc7 34.Rb6 
Ke7 35.h4 Kf7 36.Bb4 e4 37.Nc3 f5 38.h5 Ne5 39.Bd6 Nf3+ 40.Kg2 Rd7 41.g4 
Nd4 42.gxf5 Nxf5 43.Nxe4 c3 44.Bf4 Ng7 45.h6 Ne6 46.Rxe6 Kxe6 47.Nc5+ Kf5 
48.Nxd7 Kxf4 49.Nc5 c2 50.Nd3+ Kg5 51.Kf3 Kxh6 52.Ke2 Kg5 53.Kd2 Kg4 54.
Kxc2 Kf3 55.Kd2 h5 56.Ke1 h4 57.Kf1 h3 58.Kg1 Ke4 59.Nc5+ Kd5 60.Nxb7 Kc6 
61.Nd8+ Kb5 62.f4 Kc5 63.Kh2 1-0

[Event "49th RUS-ch (w)"]
[Site "Moscow RUS"]
[Date "1999.05.27"]
[Round "11"]
[White "Kovalevskaya, Ekaterina"]
[Black "Shadrina, Tatiana"]
[Result "1-0"]
[WhiteElo "2494"]
[BlackElo "2325"]
[EventDate "1999.05.15"]
[PlyCount "51"]

1.e4 d5 2.exd5 Qxd5 3.Nc3 Qa5 4.d4 Nf6 5.Nf3 Bg4 6.h3 Bh5 7.g4 Bg6 8.b4 
Qxb4 9.Bd2 Qd6 10.Rb1 Ne4 11.Nb5 Qd8 12.Bf4 Na6 13.Bd3 e6 14.O-O Be7 15.
Qe2 Nf6 16.Nc3 O-O 17.Rxb7 Nb4 18.Bxg6 hxg6 19.Be5 Nfd5 20.Nxd5 Qxd5 21.
Rxc7 Bd8 22.c4 Qa5 23.Rb7 Nxa2 24.Ra1 Nc3 25.Qb2 Na4 26.Qb3 1-0

[Event "49th RUS-ch (w)"]
[Site "Moscow RUS"]
[Date "1999.05.27"]
[Round "11"]
[White "Lopatskaya, Elena"]
[Black "Shumiakina, Tatiana"]
[Result "0-1"]
[WhiteElo "2284"]
[BlackElo "2407"]
[EventDate "1999.05.15"]
[PlyCount "52"]

1.Nf3 d5 2.b3 Bg4 3.g3 Nd7 4.Bb2 e6 5.Bg2 c6 6.O-O Ngf6 7.d3 Bd6 8.Nbd2 
O-O 9.h3 Bh5 10.Qe1 Re8 11.e4 e5 12.Nh4 Nf8 13.Nf5 Bc7 14.a3 Bg6 15.Ne3 
Ne6 16.Qb1 dxe4 17.Nxe4 Nd7 18.Nc4 b5 19.Ncd6 Rf8 20.g4 Nf4 21.b4 Qh4 22.
Kh2 f5 23.gxf5 Rxf5 24.Qd1 Bxd6 25.Nxd6 Rg5 26.Rg1 Rxg2+ 0-1

[Event "49th RUS-ch (w)"]
[Site "Moscow RUS"]
[Date "1999.05.27"]
[Round "11"]
[White "Mashinskaya, Yulia"]
[Black "Kosteniuk, Alexandra"]
[Result "1-0"]
[WhiteElo "2354"]
[BlackElo "2329"]
[EventDate "1999.05.15"]
[PlyCount "71"]

1.e4 d5 2.exd5 Qxd5 3.Nc3 Qa5 4.d4 Nf6 5.Nf3 Bg4 6.h3 Bh5 7.g4 Bg6 8.Ne5 
e6 9.Bg2 c6 10.h4 Be4 11.f3 Bd5 12.O-O Nbd7 13.Nxd5 Qxd5 14.f4 Qd6 15.c3 
h5 16.g5 Nd5 17.g6 fxg6 18.Nxg6 Rh7 19.c4 Ne7 20.c5 Qc7 21.Nxe7 Bxe7 22.
Qd3 Nf8 23.f5 O-O-O 24.fxe6 g6 25.Bf4 Qa5 26.Qe4 Qb4 27.Rad1 Rd5 28.Bd6 
Bxd6 29.cxd6 Qxd6 30.e7 Rxe7 31.Rxf8+ Kc7 32.Qf4 Qxf4 33.Rxf4 Ra5 34.a3 g5
35.hxg5 Rxg5 36.Rd2 1-0

[Event "49th RUS-ch (w)"]
[Site "Moscow RUS"]
[Date "1999.05.27"]
[Round "11"]
[White "Ovod, Evgenia"]
[Black "Slavina, Irina"]
[Result "1-0"]
[WhiteElo "2290"]
[BlackElo "2265"]
[EventDate "1999.05.15"]
[PlyCount "63"]

1.d4 Nf6 2.c4 e6 3.Nc3 Bb4 4.e3 c5 5.Bd3 O-O 6.Nf3 d5 7.O-O cxd4 8.exd4 
dxc4 9.Bxc4 Nbd7 10.Bg5 Qa5 11.Qd3 a6 12.Bb3 Bxc3 13.bxc3 b5 14.Ne5 Bb7 
15.Rfe1 Rac8 16.Re3 g6 17.Nxd7 Nxd7 18.Bh6 Rfe8 19.Rae1 Nf6 20.Rg3 Bd5 21.
Qe3 Qc7 22.Qg5 Nd7 23.Bc2 Qd8 24.Qf4 Qc7 25.Qh4 f5 26.Bf4 Qb7 27.Ree3 b4 
28.Rxg6+ hxg6 29.Rh3 Kf8 30.Qh7 g5 31.Bd6+ Re7 32.Qxe7+ 1-0

[Event "49th RUS-ch (w)"]
[Site "Moscow RUS"]
[Date "1999.05.27"]
[Round "11"]
[White "Poliakova, Natalia"]
[Black "Lundina, Aelita"]
[Result "1-0"]
[WhiteElo "2218"]
[BlackElo "2220"]
[EventDate "1999.05.15"]
[PlyCount "45"]

1.d4 Nf6 2.c4 g6 3.Nf3 Bg7 4.g3 d6 5.Bg2 O-O 6.O-O Nbd7 7.Nc3 e5 8.h3 c6 
9.e4 Qb6 10.dxe5 dxe5 11.Qc2 Ne8 12.Be3 Qc7 13.Nd2 f5 14.f4 exf4 15.Bxf4 
Qb6+ 16.Kh2 Ndf6 17.Nb3 Nxe4 18.Nxe4 fxe4 19.c5 Qa6 20.Bxe4 Nf6 21.Bd3 Qa4
22.Bd6 Re8 23.Rf4 1-0

[Event "49th RUS-ch (w)"]
[Site "Moscow RUS"]
[Date "1999.05.27"]
[Round "11"]
[White "Zakurdyaeva, Irina"]
[Black "Polovnikova, Ekaterina"]
[Result "1/2-1/2"]
[WhiteElo "2143"]
[BlackElo "2336"]
[EventDate "1999.05.15"]
[PlyCount "54"]

1.e4 c6 2.d4 d5 3.Nc3 dxe4 4.Nxe4 Bf5 5.Ng3 Bg6 6.h4 h6 7.Nf3 e6 8.Ne5 Bh7
9.Bd3 Bxd3 10.Qxd3 Nf6 11.Bf4 Qa5+ 12.Bd2 Qc7 13.O-O-O Nbd7 14.Rhe1 Nb6 
15.c4 O-O-O 16.Bf4 Bb4 17.Ng6 Qd7 18.Nxh8 Bxe1 19.Nxf7 Qxf7 20.Rxe1 Ng4 
21.Qf3 Rxd4 22.Re4 Nh2 23.Qe3 Rxc4+ 24.Rxc4 Nxc4 25.Qd4 e5 26.Bxe5 Nxe5 
27.Qxe5 Qc4+ 1/2-1/2